Quiz sul Tagikistan - Statistics

Statistiche generali
  • Questo quiz è stato fatto 402 volte
  • Il punteggio medio è 10 su 14
Statistiche sulle risposte
Clue Risposta % Corretto
Religione praticata dal 98% della popolazione Islam
93%
Paese da cui il Tagikistan ha ottenuto l'indipendenza nel 1991 Unione Sovietica
92%
Dei quattro paesi confinanti con il Tagikistan, l'unico che non finisce in "Stan" Cina
90%
L'altra lingua franca del Tagikistan Russo
88%
Antica via commerciale che attraversava la zona Via della {Seta}
88%
Regione in cui si trova il Tagikistan Asia {Centrale}
85%
Indica uno dei due paesi che ha un'elevazione media più alta del Tagikistan Bhutan | Nepal
80%
Capitale del Tagikistan Dushanbe
70%
Il Tagikistan ospita il _____ più lungo al di fuori delle regioni polari Ghiacciaio
66%
Come il suo vicino Afghanistan, il Tagikistan è un centro per la produzione di questa droga illegale Eroina
62%
Nome precedente di quanto sopra (suggerimento: un brutale dittatore) {Stalin}abad
56%
Il tagiko, la lingua ufficiale del Tagikistan, è un dialetto del .... Persiano
40%
Parola che si riferisce ai trasferimenti finanziari dai lavoratori espatriati al loro paese d'origine (che comprendono il 47% del PIL del Tagikistan) R{imessa}
27%
Termine per la lotta tra Gran Bretagna e Russia per il controllo di questo zona durante il XIX secolo Il Grande {Gioco}
25%
Nessun quiz corrispondente trovato
Distribuzione punteggi
Percentuale di utenti per punteggio
Percentile per numero di risposta
I tuoi punteggi nel tempo
Non hai fatto questo quiz